[Event "2024 Standard Chess Dropout Tournament, Round 1"]
[Site "SchemingMind.com"]
[Date "2024.01.11"]
[Round "1"]
[White "Abstract Actuary"]
[Black "Udo Sprang"]
[Result "0-1"]
[WhiteCountry "USA"]
[BlackCountry "NED"]
[WhiteElo "1871"]
[WhiteRD "87"]
[BlackElo "2094"]
[BlackRD "111"]
[GameID "741029"]

1. e4 e5 2. Nf3 Nc6 3. c3 Nf6 4. d4 Nxe4 5. d5 Bc5 6. dxc6 Bxf2+ 7. Ke2 bxc6 8. Qa4 f5 9. Nbd2 O-O 10. Nxe4 fxe4
11. Qxe4 d5 12. Qh4 Bxh4
0-1

[Event "2024 Standard Chess Dropout Tournament, Round 1"]
[Site "SchemingMind.com"]
[Date "2024.01.11"]
[Round "1"]
[White "Andrew Burruss"]
[Black "pompey"]
[Result "0-1"]
[WhiteCountry "USA"]
[BlackCountry "ENG"]
[WhiteElo "1411"]
[WhiteRD "101"]
[BlackElo "2508"]
[BlackRD "115"]
[GameID "741030"]

1. e4 e5 2. Nf3 Nc6 3. d4 exd4 4. Nxd4 Nf6 5. Nxc6 bxc6 6. e5 Qe7 7. Qe2 Nd5 8. c4 Ba6 9. b3 g6 10. Bb2 Bg7
11. Nd2 O-O 12. g3 d6 13. Nf3 dxe5 14. Nxe5 Rfe8 15. O-O-O Nb6 16. Bg2 Bxe5 17. Bxe5 Qxe5 18. Qxe5 Rxe5 19. Bxc6 Rb8 20. Rhe1 Rxe1
21. Rxe1 Bb7 22. Re8+ Rxe8 23. Bxe8 Kf8 24. Bb5 a6 25. Ba4 Ke7 26. Kd2 Nxa4 27. bxa4 a5 28. Kd3 Kd6 29. Kd4 c5+ 30. Ke3 Ke5
31. f4+ Kf5 32. h3 h5 33. Kf2 h4 34. gxh4 Kxf4 35. Ke2 Kg3 36. Ke3 f5 37. a3 f4+ 38. Ke2 f3+
0-1

[Event "2024 Standard Chess Dropout Tournament, Round 1"]
[Site "SchemingMind.com"]
[Date "2024.01.07"]
[Round "1"]
[White "Greg Magne"]
[Black "Holty"]
[Result "1-0"]
[WhiteCountry "CAN"]
[BlackCountry "ENG"]
[WhiteElo "1766"]
[WhiteRD "79"]
[BlackElo "1755"]
[BlackRD "78"]
[GameID "741031"]

1. e4 d6 2. d4 Nf6 3. Nc3 Nbd7 4. f4 e5 5. Nf3 exd4 6. Nxd4 g6 7. Be2 Bg7 8. O-O O-O 9. Bf3 Re8 10. Re1 c6
11. Be3 Nc5 12. Bf2 Qc7 13. b4 Ne6 14. g3 Nxd4 15. Bxd4 Bh3 16. Rb1 b5 17. Kf2 Qd7 18. e5 Ng4+ 19. Kg1 dxe5 20. fxe5 Qc7
21. Bxg4 Bxg4 22. Qxg4 Bxe5 23. Bxe5 Rxe5 24. Rxe5 Qxe5 25. Qf3 Qd4+ 26. Kg2 Qd2+ 27. Kh1 Re8 28. Rf1 Re7 29. Qd3 Qxd3 30. cxd3 Re3
31. Rd1 f5 32. Kg2 g5 33. Rd2 Kg7 34. Kf2 Re6 35. d4 Rd6 36. d5 g4 37. Ke3 Kf6 38. dxc6 Rxc6 39. Nxb5 a6 40. Rd6+ Rxd6
41. Nxd6 Ke5 42. Nb7 f4+ 43. gxf4+ Kf5 44. Nc5 h5 45. Nxa6 h4 46. Nc5 g3 47. hxg3
1-0

[Event "2024 Standard Chess Dropout Tournament, Round 1"]
[Site "SchemingMind.com"]
[Date "2024.01.09"]
[Round "1"]
[White "Andreas Flato"]
[Black "spoke"]
[Result "1-0"]
[WhiteCountry "GER"]
[BlackCountry "GER"]
[WhiteElo "1913"]
[WhiteRD "122"]
[BlackElo "1766"]
[BlackRD "68"]
[GameID "741032"]

1. e4 e5 2. Nf3 Nc6 3. Bc4 Nf6 4. d3 Bc5 5. O-O d6 6. h3 O-O 7. Bg5 Be6 8. Bb3 Nd4 9. Nxd4 Bxd4 10. c3 Bb6
11. Nd2 c6 12. Nc4 Bc7 13. f4 b5 14. Ne3 Bxb3 15. axb3 Qe7 16. fxe5 Qxe5 17. Bxf6 gxf6 18. Ng4
1-0

[Event "2024 Standard Chess Dropout Tournament, Round 1"]
[Site "SchemingMind.com"]
[Date "2024.01.07"]
[Round "1"]
[White "agoodhobby"]
[Black "ku4a"]
[Result "1-0"]
[WhiteCountry "USA"]
[BlackCountry "USA"]
[WhiteElo "1388"]
[WhiteRD "80"]
[BlackElo "1357"]
[BlackRD "131"]
[GameID "741033"]

1. e4 e5 2. Nf3 Nc6 3. Bb5 Nf6 4. O-O Nxe4 5. d4 exd4 6. Re1 d5 7. Nxd4 Bd7 8. Nxc6 bxc6 9. Bd3 Be7 10. Bxe4 dxe4
11. Rxe4 Bf5 12. Re1 Qxd1 13. Rxd1 O-O 14. c4 Rad8 15. Re1 Bb4 16. Nc3 Rfe8 17. Rxe8+ Rxe8 18. Bd2 Bc5 19. h3 Bd4 20. g4 Bd7
21. Rd1 c5 22. b3 Bc6 23. Nd5 Bxd5 24. cxd5 a6 25. Be3 Rd8 26. Bxd4 cxd4 27. Rxd4 g6 28. Kg2 a5 29. a3 Kg7 30. Kg3 Kf6
31. Kf4 Ke7 32. Ke5 f6+ 33. Ke4 c6 34. dxc6 Rxd4+ 35. Kxd4 Kd6 36. Kc4 Kxc6 37. b4 axb4 38. axb4 Kb6 39. b5 g5 40. Kb4 h6
41. f3
1-0

[Event "2024 Standard Chess Dropout Tournament, Round 1"]
[Site "SchemingMind.com"]
[Date "2024.01.11"]
[Round "1"]
[White "Andoni Zabala"]
[Black "pnwmusichound"]
[Result "1-0"]
[WhiteCountry "INT"]
[BlackCountry "USA"]
[WhiteElo "1729"]
[WhiteRD "92"]
[BlackElo "1803"]
[BlackRD "115"]
[GameID "741034"]

1. d4 Nf6 2. c4 g6 3. Nc3 d6 4. e4 Bg7 5. Be2 O-O 6. Nf3 Nbd7 7. O-O e5 8. Qc2 Nh5 9. Bg5 f6 10. Be3 Nf4
11. Bxf4 exf4 12. Rad1 c6 13. b4 Qc7 14. Rfe1 b6 15. Bf1 Bb7 16. b5 cxb5 17. Nxb5 Qc6 18. a4 a5 19. h4 h5 20. d5 Qc5
21. e5 fxe5 22. Qxg6 Nf6 23. Ng5 Bc8 24. Bd3 Bg4 25. Ne6 Bxe6 26. dxe6 Rae8 27. Bf5 Qxc4 28. Nxd6 Qxa4 29. Nxe8 Rxe8 30. Rd7 Nxd7
31. Qxe8+ Bf8 32. Qf7+ Kh8 33. Qh7#
1-0

[Event "2024 Standard Chess Dropout Tournament, Round 1"]
[Site "SchemingMind.com"]
[Date "2024.01.06"]
[Round "1"]
[White "Archon"]
[Black "Thomas Jacob Kelly"]
[Result "0-1"]
[WhiteCountry "CAN"]
[BlackCountry "USA"]
[WhiteElo "1753"]
[WhiteRD "57"]
[BlackElo "1801"]
[BlackRD "86"]
[GameID "741035"]

1. d4 Nf6 2. Bf4 e6 3. e3 b6 4. Qf3 Nc6 5. Nc3 Bb4 6. Bd3 Bb7 7. Qh3 Bxc3+ 8. bxc3 Qe7 9. Nf3 Nd5 10. c4 Nxf4
11. exf4 Qb4+ 12. Ke2 Qc3 13. d5 exd5 14. cxd5 Nb4 15. Ne5 O-O-O 16. Nxf7 Rde8+ 17. Ne5 Nxd5 18. Qxd7+ Kb8 19. g3 g5 20. Kf3 Nf6+
0-1

[Event "2024 Standard Chess Dropout Tournament, Round 1"]
[Site "SchemingMind.com"]
[Date "2024.01.07"]
[Round "1"]
[White "Bacon"]
[Black "Martin E. Hardwick"]
[Result "0-1"]
[WhiteCountry "BER"]
[BlackCountry "ENG"]
[WhiteElo "1002"]
[WhiteRD "141"]
[BlackElo "1054"]
[BlackRD "79"]
[GameID "741036"]

1. e4 e5 2. Nf3 Nc6 3. Nc3 Nf6 4. a3 Bc5 5. Bd3 d6 6. Qe2 Nd4 7. Nxd4 Bxd4 8. O-O Bg4 9. Qe1 Qd7 10. h3 Bxh3
11. gxh3 Qxh3 12. Nb5 Ng4 13. Be2 Qh2#
0-1

[Event "2024 Standard Chess Dropout Tournament, Round 1"]
[Site "SchemingMind.com"]
[Date "2024.01.07"]
[Round "1"]
[White "Mike Winslow"]
[Black "Andrea Carra"]
[Result "1/2-1/2"]
[WhiteCountry "USA"]
[BlackCountry "ITA"]
[WhiteElo "1997"]
[WhiteRD "88"]
[BlackElo "1901"]
[BlackRD "102"]
[GameID "741037"]

1. d4 Nf6 2. c4 e6 3. g3 Be7 4. Bg2 O-O 5. Nf3 d5 6. O-O c6 7. Nc3 Nbd7 8. Qc2 dxc4 9. e4 b5 10. e5 Nd5
11. Ne4 Bb7 12. Neg5 g6 13. Qe4 Re8 14. Qh4 Nf8 15. Qh6 f5 16. h4 Qd7 17. h5 Bxg5 18. Qxg5 Qe7 19. hxg6 Qxg5 20. gxh7+ Nxh7
21. Nxg5 Nxg5 22. Bxg5 Kf7 23. Bd2 a5 24. Bxd5 cxd5 25. Kg2 Rh8 26. Rh1 b4 27. a3 c3 28. bxc3 b3 29. a4 Ba6 30. Bc1 Rxh1
31. Kxh1 Rb8 32. Bb2 Rg8 33. Kg2 f4 34. Rh1 fxg3 35. fxg3 Bd3 36. Rh6 Rg6 37. Rxg6= Kxg6 38. Kf3 Ba6 39. Kf4 Bb7 40. Ba3 Bc6
41. Bc1 Bxa4=
1/2-1/2

[Event "2024 Standard Chess Dropout Tournament, Round 1"]
[Site "SchemingMind.com"]
[Date "2024.01.11"]
[Round "1"]
[White "Brerrabbit"]
[Black "Lanaroon"]
[Result "0-1"]
[WhiteCountry "SCO"]
[BlackCountry "ENG"]
[WhiteElo "1168"]
[WhiteRD "82"]
[BlackElo "1311"]
[BlackRD "131"]
[GameID "741038"]

1. e4 e5 2. Nf3 Nc6 3. Bb5 a6 4. Ba4 b5 5. Bb3 Qf6 6. d4 Nxd4 7. Nxd4 exd4 8. Nd2 Bb7 9. Qf3 Bb4 10. O-O Qxf3
11. Nxf3 Bxe4 12. Ne5 Bg6 13. Bg5 f6 14. f4 fxe5 15. f5 Bf7 16. a3 Be7 17. f6 gxf6 18. Bh4 Bxb3 19. cxb3 b4 20. Rac1 bxa3
21. bxa3 Bxa3 22. Rxc7 d3 23. Bxf6 Nxf6 24. Rxf6 d2 25. Rd6 Bxd6
0-1

[Event "2024 Standard Chess Dropout Tournament, Round 1"]
[Site "SchemingMind.com"]
[Date "2024.01.07"]
[Round "1"]
[White "Robert Bruce"]
[Black "William Lindberg"]
[Result "1-0"]
[WhiteCountry "SCO"]
[BlackCountry "USA"]
[WhiteElo "2347"]
[WhiteRD "67"]
[BlackElo "2413"]
[BlackRD "65"]
[GameID "741039"]

1. d4 Nf6 2. c4 e6 3. Bg5 h6 4. Bh4 c5 5. d5 exd5 6. cxd5 d6 7. e3 Be7 8. Nf3 a6 9. Be2 O-O 10. O-O b5
11. a4 b4 12. a5 Bb7 13. Bc4 Ne4 14. Bg3 Nd7 15. Nbd2 Ndf6 16. Qb3 Nxd2 17. Nxd2 Nh5 18. e4 Bf6 19. f4 Nxg3 20. hxg3 Bd4+
21. Kh2 f5 22. Rae1 fxe4 23. Rxe4 Bc8 24. Re6 Ra7 25. Nf3 Bxe6 26. dxe6 Re7 27. Nh4 Qe8 28. Qd3 Rf6 29. g4 Bxb2 30. f5 Be5+
31. Kh3 Qc6 32. Ng6 Rxg6 33. fxg6 Bf6 34. Rf4 Qc7 35. Qd5 Qd8 36. Bxa6 Qe8 37. Bc4 b3 38. Bxb3 Qxg6 39. g3 Qe8 40. a6 Qb8
41. Bc4 Qe8 42. Qxd6 h5 43. Qd5 hxg4+ 44. Kxg4 Qg6+ 45. Kf3 Qh6 46. a7 Qh1+ 47. Kg4 Qxd5 48. Bxd5 Re8 49. e7+ Kh8 50. a8=Q Rxa8
51. Rxf6 gxf6 52. Bxa8 c4 53. e8=Q+ Kg7 54. Kf5 c3 55. Bd5 c2 56. Qg6+ Kh8 57. Qh6#
1-0

[Event "2024 Standard Chess Dropout Tournament, Round 1"]
[Site "SchemingMind.com"]
[Date "2024.01.11"]
[Round "1"]
[White "Brennan Price"]
[Black "Karsten Kjeldsen"]
[Result "1/2-1/2"]
[WhiteCountry "USA"]
[BlackCountry "DEN"]
[WhiteElo "2142"]
[WhiteRD "134"]
[BlackElo "2216"]
[BlackRD "144"]
[GameID "741040"]

1. c4 e5 2. Nc3 Nf6 3. Nf3 Nc6 4. g3 d5 5. cxd5 Nxd5 6. Bg2 Nb6 7. Rb1 Be7 8. O-O O-O 9. b4 a6 10. a3 f5
11. d3 Be6 12. Bb2 Qd7 13. Nd2 Rad8 14. Nb3 Nd5 15. Qc2 Rf7 16. Rfc1 Nxc3 17. Qxc3 f4 18. Nc5 Bxc5 19. Qxc5 Ba2 20. Ra1 Bd5
21. Bxd5 Qxd5 22. Qxd5 Rxd5 23. f3 Nd4= 24. Bxd4 Rxd4 25. Rc5 Re7 26. Rac1 c6 27. Kf2 Kf7 28. R1c4 Rxc4 29. Rxc4 g5 30. d4 e4
31. fxe4 Rxe4 32. Rc5 Kf6 33. d5 cxd5 34. Rxd5 h5 35. Rd7 Re7 36. Rxe7 fxg3+ 37. Kxg3 Kxe7 38. Kf3 Ke6 39. Ke4 b5 40. e3 Kf6
41. Kd5 g4 42. e4 h4 43. Kd6 g3 44. e5+ Kg5 45. hxg3 hxg3 46. e6 g2 47. e7 g1=Q 48. e8=Q Qd4+ 49. Kc6 Qc3+ 50. Kb6 Qxa3
51. Qe7+=
1/2-1/2

[Event "2024 Standard Chess Dropout Tournament, Round 1"]
[Site "SchemingMind.com"]
[Date "2024.01.07"]
[Round "1"]
[White "CapaChess"]
[Black "George Dimitrov"]
[Result "1/2-1/2"]
[WhiteCountry "CUB"]
[BlackCountry "BUL"]
[WhiteElo "2527"]
[WhiteRD "62"]
[BlackElo "2546"]
[BlackRD "90"]
[GameID "741041"]

1. e4 e5 2. Nf3 Nc6 3. Bc4 Bc5 4. d3 Nf6 5. O-O O-O 6. c3 d6 7. h3 h6 8. Re1 a5 9. Nbd2 Be6 10. Bb5 Nd7
11. Nf1 d5 12. Ne3 dxe4 13. dxe4 Re8 14. Ng4 Qe7 15. Qe2 Bd6 16. b3 Nf6 17. Bxc6 bxc6 18. Ngxe5 Bxh3 19. Bf4 Bxg2 20. Kxg2 Nh5
21. Bh2 Bxe5 22. Nxe5 Qg5+ 23. Kh1 Rxe5 24. Bxe5 Qxe5 25. Qg4 g6 26. Re3 a4 27. Rg1 axb3 28. axb3 Kg7 29. Qf5=
1/2-1/2

[Event "2024 Standard Chess Dropout Tournament, Round 1"]
[Site "SchemingMind.com"]
[Date "2024.01.06"]
[Round "1"]
[White "carra1971"]
[Black "John Elburg"]
[Result "0-1"]
[WhiteCountry "CUB"]
[BlackCountry "NED"]
[WhiteElo "2493"]
[WhiteRD "105"]
[BlackElo "2566"]
[BlackRD "90"]
[GameID "741042"]

1. d4 Nf6 2. c4 g6 3. Nc3 Bg7 4. e4 d6 5. h3 O-O 6. Nf3 e5 7. d5 Nh5 8. Be3 f5 9. Bd3 Nf4 10. Bxf4 exf4
11. exf5 Bxf5 12. Bxf5 Bxc3+ 13. bxc3 Rxf5 14. O-O Nd7 15. Nd4 Rf7 16. Re1 Qh4 17. Nf3 Qf6 18. Qd2 Nc5 19. Re2 g5 20. Nd4 g4
21. hxg4 h5 22. gxh5 Qh4 23. Qe1 Raf8 24. Re8 Rh7 25. Qb1 Qxh5 26. Rxf8+ Kxf8 27. Qf5+ Qxf5 28. Nxf5 a6 29. g4 fxg3 30. fxg3 Kf7
31. Nd4 Ne4 32. Ne6 Rh8 33. Rf1+ Ke7 34. Rf3 Nd2 35. Rf4 Nb1 36. Rh4 Rxh4 37. gxh4 Nxc3 38. h5 Kf7 39. Nxc7 Nxa2 40. Kf2 Nb4
41. Kf3 b5 42. cxb5 axb5 43. Kf4 Kg7
0-1

[Event "2024 Standard Chess Dropout Tournament, Round 1"]
[Site "SchemingMind.com"]
[Date "2024.01.07"]
[Round "1"]
[White "Geoffrey Rosser"]
[Black "Joe P"]
[Result "0-1"]
[WhiteCountry "ENG"]
[BlackCountry "AUS"]
[WhiteElo "1896"]
[WhiteRD "64"]
[BlackElo "1913"]
[BlackRD "94"]
[GameID "741043"]

1. e4 e5 2. Nf3 Nf6 3. d4 Nxe4 4. Bd3 d5 5. O-O exd4 6. Re1 Be7 7. Nxd4 Nf6 8. Nf5 Bxf5 9. Bxf5 O-O 10. Nc3 c6
11. Bg5 Nbd7 12. Qd3 h6 13. Bh4 Re8 14. Re2 Nc5 15. Qd4 Nfd7 16. Rae1 g5 17. Qg4 Nf6 18. Qg3 Bd6 19. f4 Bxf4 20. Qf2 Nce4
21. Nxe4 Nxe4 22. Bxe4 Rxe4 23. Rxe4 dxe4 24. Bg3 e3 25. Qf3 Qd2 26. Kf1 Bxg3 27. Qxg3 Qxc2 28. Qxe3 Qxb2 29. Re2 Qb6 30. Qh3 Rd8
31. g4 Kg7 32. Qc3+ Qd4 33. Qf3 Qf6 34. Kf2 Qxf3+ 35. Kxf3 Kf6 36. Rb2 b5 37. Ke4 a5 38. Rc2 Rc8 39. Kd4 a4 40. Kc5 Ke7
41. Re2+ Kd8 42. Rf2 Ke7 43. Re2+ Kf6 44. Kb6 b4 45. Kb7 Rd8 46. Kxc6 b3 47. axb3 axb3 48. Rb2 Rd3 49. Rf2+ Ke5 50. Rf5+ Kd4
51. Rd5+ Kc3 52. Rc5+ Kd2 53. Rb5 Kc2
0-1

[Event "2024 Standard Chess Dropout Tournament, Round 1"]
[Site "SchemingMind.com"]
[Date "2024.01.11"]
[Round "1"]
[White "chesshub"]
[Black "John C. Walton"]
[Result "1/2-1/2"]
[WhiteCountry "FRA"]
[BlackCountry "USA"]
[WhiteElo "2541"]
[WhiteRD "71"]
[BlackElo "2568"]
[BlackRD "124"]
[GameID "741044"]

1. e4 c5 2. Nf3 d6 3. d4 cxd4 4. Nxd4 Nf6 5. Nc3 a6 6. Be3 e5 7. Nb3 Be6 8. Qd2 Nbd7 9. f3 h5 10. Nd5 Bxd5
11. exd5 Qc7 12. O-O-O g6 13. Kb1 Bg7 14. Rg1 O-O 15. Qf2 b5 16. g4 Rfb8 17. g5 Ne8 18. Nd2 b4 19. Ne4 a5 20. Rg2 a4
21. Qd2 Bf8 22. c3 bxc3 23. Qxc3 Qxc3 24. Nxc3 Ng7 25. Bb5 Nf5 26. Bf2 a3 27. Bxd7 Rxb2+ 28. Kc1 Nh4 29. Bxh4 Rxg2 30. Rd2 Rg1+
31. Rd1 Rg2 32. Rd2 Rg1+ 33. Kc2 Rb8 34. Nb5 Be7 35. Rd1=
1/2-1/2

[Event "2024 Standard Chess Dropout Tournament, Round 1"]
[Site "SchemingMind.com"]
[Date "2024.01.06"]
[Round "1"]
[White "Chesswitchery"]
[Black "kenneth m day"]
[Result "0-1"]
[WhiteCountry "USA"]
[BlackCountry "USA"]
[WhiteElo "1570"]
[WhiteRD "59"]
[BlackElo "1690"]
[BlackRD "59"]
[GameID "741046"]

1. d4 Nf6 2. c4 e6 3. Nf3 d5 4. e3 Nbd7 5. cxd5 exd5 6. Bd3 Be7 7. Nc3 O-O 8. O-O c5 9. dxc5 Nxc5 10. Be2 Bf5
11. Nd4 Bg6 12. Bd2 Rc8 13. Rc1 Re8 14. f3 a6 15. a3 Bd6 16. b4 Ne6 17. Nxe6 fxe6 18. Be1 Rf8 19. Bh4 Be7 20. Bd3 Bxd3
21. Qxd3 Qd6 22. Bxf6 Bxf6 23. Ne4 Qe5 24. Nxf6+ Qxf6 25. Rxc8 Rxc8 26. Qb1 Rc3 27. a4 Rxe3 28. Qc1 Qd4 29. Qc8+ Kf7 30. Qxb7+ Kf6
31. a5 Re1+ 32. Kh1 Rxf1#
0-1

[Event "2024 Standard Chess Dropout Tournament, Round 1"]
[Site "SchemingMind.com"]
[Date "2024.01.07"]
[Round "1"]
[White "Andrea Carra"]
[Black "Mike Winslow"]
[Result "0-1"]
[WhiteCountry "ITA"]
[BlackCountry "USA"]
[WhiteElo "1901"]
[WhiteRD "102"]
[BlackElo "1997"]
[BlackRD "88"]
[GameID "741047"]

1. e4 c5 2. Nf3 Nc6 3. d4 cxd4 4. Nxd4 g6 5. Nc3 Bg7 6. Be3 Nf6 7. Be2 O-O 8. O-O d6 9. f4 a6 10. Qd2 Bg4
11. Nxc6 bxc6 12. h3 Bxe2 13. Qxe2 c5 14. Qd2 Qb6 15. Rab1 a5 16. Kh1 Qc6 17. Rbe1 Nxe4 18. Nxe4 Qxe4 19. Bxc5 Qb7 20. Bd4 Bxd4
21. Qxd4 e6 22. b3 Qb4 23. Rd1 d5 24. Qf6 Qe4 25. c3 Qf5 26. Qxf5 gxf5 27. g4 fxg4 28. hxg4 Rfc8 29. Rc1 Ra7= 30. Rf2 Rac7
31. Kg2 Rxc3 32. Re1 Rc2 33. Ree2 Rxe2 34. Rxe2 Kg7 35. Kf3 Rc3+ 36. Re3 d4 37. Rxc3 dxc3 38. Ke3 f5
0-1

[Event "2024 Standard Chess Dropout Tournament, Round 1"]
[Site "SchemingMind.com"]
[Date "2024.01.07"]
[Round "1"]
[White "cpunk"]
[Black "Chessibelle"]
[Result "1-0"]
[WhiteCountry "IRL"]
[BlackCountry "ENG"]
[WhiteElo "1836"]
[WhiteRD "163"]
[BlackElo "1049"]
[BlackRD "58"]
[GameID "741048"]

1. e4 e5 2. d4 f6 3. Nf3 d5 4. dxe5 Be7 5. exd5 Bc5 6. Bb5+ c6 7. Ba4 Nd7 8. dxc6 bxc6 9. Bxc6 Rb8 10. O-O Ne7
11. Bxd7+ Bxd7 12. exf6 gxf6 13. Nc3 Qc7 14. b3 Qc6 15. Re1 O-O 16. Ne4 Bb6 17. Bb2 Nd5 18. Nd4 Qc7 19. c4 Nf4 20. Qf3 Ba5
21. Ne2 f5 22. Nxf4 Qd8 23. Qg3+ Kf7 24. Ng5+ Kg8 25. Nf7+
1-0

[Event "2024 Standard Chess Dropout Tournament, Round 1"]
[Site "SchemingMind.com"]
[Date "2024.01.07"]
[Round "1"]
[White "Daryl Fouard"]
[Black "Robert Bruce"]
[Result "0-1"]
[WhiteCountry "USA"]
[BlackCountry "SCO"]
[WhiteElo "1805"]
[WhiteRD "119"]
[BlackElo "2347"]
[BlackRD "67"]
[GameID "741049"]

1. e4 c6 2. d3 d5 3. Nd2 e5 4. Ngf3 Bd6 5. Qe2 Nf6 6. exd5 cxd5 7. Nxe5 O-O 8. d4 Re8 9. Ndf3 Nc6 10. Be3 Nxe5
11. dxe5 Bxe5 12. O-O-O Bf4 13. h3 Bxe3+ 14. fxe3 Bd7 15. Nd4 Qe7 16. Re1 a5 17. g4 a4 18. a3 Ne4 19. Qf3 b5 20. Bxb5 Bxb5
21. Nxb5 Reb8 22. Nd4 Qb7 23. Ne2 Qxb2+ 24. Kd1 Rc8 25. Nd4 Rxc2 26. Nxc2 Qb1+ 27. Ke2 Qb5+ 28. Kd1 Qd3+ 29. Kc1 Qd2+
0-1

[Event "2024 Standard Chess Dropout Tournament, Round 1"]
[Site "SchemingMind.com"]
[Date "2024.01.06"]
[Round "1"]
[White "Diadoco"]
[Black "Gary"]
[Result "1-0"]
[WhiteCountry "MEX"]
[BlackCountry "ENG"]
[WhiteElo "1915"]
[WhiteRD "109"]
[BlackElo "1838"]
[BlackRD "96"]
[GameID "741050"]

1. e4 c5 2. Nf3 d6 3. d4 cxd4 4. Nxd4 Nf6 5. Nc3 a6 6. f3 e5 7. Nb3 Be6 8. Be3 Be7 9. Qd2 O-O 10. O-O-O b5
11. g4 Nbd7 12. g5 b4 13. Ne2 Ne8 14. f4 exf4 15. Bxf4 Ne5 16. h4 a5 17. Kb1 Nc7 18. Ned4 a4 19. Nxe6 Nxe6 20. Nd4 Nxf4
21. Qxf4 Qd7 22. Nf5 Qe6 23. Bh3
1-0

[Event "2024 Standard Chess Dropout Tournament, Round 1"]
[Site "SchemingMind.com"]
[Date "2024.01.07"]
[Round "1"]
[White "Dom P"]
[Black "Michael Christensen"]
[Result "1-0"]
[WhiteCountry "ENG"]
[BlackCountry "GER"]
[WhiteElo "1581"]
[WhiteRD "81"]
[BlackElo "1703"]
[BlackRD "90"]
[GameID "741051"]

1. e4 g6 2. d4 Bg7 3. Nf3 d6 4. h3 a6 5. c4 Nf6 6. e5 dxe5 7. Nxe5 Nbd7 8. Nxd7 Qxd7 9. Be2 b6 10. Be3 e6
11. Qc1 h6 12. Bf3 Rb8 13. c5 Nd5 14. O-O Bb7 15. a3 g5 16. Bh5 Nf6 17. Be2 O-O 18. Nd2 Rfd8 19. b4 Qd5 20. Bf3 Qf5
21. g4 Qd3 22. c6 Bc8 23. a4 Nd5 24. Ra3 Qg6 25. Be4 Qf6 26. b5 a5 27. Bb1 Nf4 28. Bxf4 Qxf4 29. Rf3 Qxd4 30. Rd3 Qf6
31. Ne4 Qe7 32. Rf3 f5 33. gxf5 exf5 34. Ng3 f4 35. Nh5 Bh8 36. Nxf4 gxf4 37. Rxf4 Bxh3 38. Kh2 Be6 39. Rg1+ Bg7 40. Qc2 Bf7
41. Qh7+ Kf8 42. Qxg7+ Ke8 43. Qh8+ Qf8 44. Re1+
1-0

[Event "2024 Standard Chess Dropout Tournament, Round 1"]
[Site "SchemingMind.com"]
[Date "2024.01.11"]
[Round "1"]
[White "dpickin"]
[Black "Ilang"]
[Result "0-1"]
[WhiteCountry "ENG"]
[BlackCountry "HUN"]
[WhiteElo "1586"]
[WhiteRD "66"]
[BlackElo "2484"]
[BlackRD "68"]
[GameID "741052"]

1. d4 Nf6 2. c4 e6 3. Nf3 d5 4. e3 Be7 5. Nc3 O-O 6. Be2 dxc4 7. Bxc4 a6 8. O-O b5 9. Be2 c5 10. a3 cxd4
11. Nxd4 Bb7 12. Bf3 Qb6 13. Qd3 Rd8 14. Qc2 Nbd7 15. b4 Rac8 16. Bb2 Ne5 17. Qe2 Nxf3+ 18. Nxf3 Bxf3 19. Qxf3 Rd2 20. Nd1 Rcc2
21. Qa8+ Rd8 22. Qf3 Qc7 23. Nc3 Rxb2 24. Nd1 Rbd2 25. e4 Qe5 26. Nc3 R8d3
0-1

[Event "2024 Standard Chess Dropout Tournament, Round 1"]
[Site "SchemingMind.com"]
[Date "2024.01.06"]
[Round "1"]
[White "Derek Price"]
[Black "galeno"]
[Result "0-1"]
[WhiteCountry "ENG"]
[BlackCountry "CUB"]
[WhiteElo "2349"]
[WhiteRD "70"]
[BlackElo "2433"]
[BlackRD "145"]
[GameID "741053"]

1. c4 e5 2. Nc3 Nf6 3. Nf3 Nc6 4. g3 d5 5. cxd5 Nxd5 6. Bg2 Bc5 7. O-O O-O 8. d3 h6 9. Nxd5 Qxd5 10. Bd2 Qd6
11. Bc3 Rd8 12. Nd2 Be6 13. Ne4 Qf8 14. Nxc5 Qxc5 15. Qc1 Bd5 16. b4 Qe7 17. Qb2 Bxg2 18. a4 Bxf1 19. Rxf1 Nd4
0-1

[Event "2024 Standard Chess Dropout Tournament, Round 1"]
[Site "SchemingMind.com"]
[Date "2024.01.11"]
[Round "1"]
[White "echecs"]
[Black "mmccaffe"]
[Result "1-0"]
[WhiteCountry "ENG"]
[BlackCountry "USA"]
[WhiteElo "1766"]
[WhiteRD "97"]
[BlackElo "1787"]
[BlackRD "62"]
[GameID "741054"]

1. e4 c5 2. Nf3 e6 3. c3 d5 4. exd5 Qxd5 5. Be2 Nf6 6. O-O Nc6 7. Na3 Be7 8. Nc2 O-O 9. d4 b6 10. dxc5 Bxc5
11. Ne3 Qd8 12. Qc2 Bb7 13. Rd1 Qc7 14. Nf1 Rad8 15. Bg5 Be7 16. Ng3 Ne5 17. Nxe5 Qxe5 18. Be3 Bd6 19. Bf1 h5 20. h4 Ne4
21. f4 Qf6 22. Nxe4
1-0

[Event "2024 Standard Chess Dropout Tournament, Round 1"]
[Site "SchemingMind.com"]
[Date "2024.01.07"]
[Round "1"]
[White "edg"]
[Black "peeuukoo"]
[Result "0-1"]
[WhiteCountry "USA"]
[BlackCountry "FIN"]
[WhiteElo "1614"]
[WhiteRD "80"]
[BlackElo "1822"]
[BlackRD "101"]
[GameID "741055"]

1. b3 d5 2. Bb2 e6 3. Nf3 Nf6 4. d4 Bd6 5. Nbd2 O-O 6. e3 Nbd7 7. Bd3 Re8 8. Qe2 c6 9. c3 e5 10. dxe5 Nxe5
11. Nxe5 Bxe5 12. Nf3 Bg4 13. h3 Bxf3 14. Qxf3 d4 15. cxd4 Bxd4 16. Bxd4 Qxd4 17. Rd1 Qc3+ 18. Kf1 Rad8 19. Qe2 Nd5 20. Qc2 g6
21. e4 Qxc2 22. Bxc2 Nb4 23. Rxd8 Rxd8 24. Ke2 Nxc2 25. f3 Nd4+ 26. Kf2 Ne6 27. Re1 Rd2+ 28. Re2 Rxe2+ 29. Kxe2 Nf4+ 30. Kf1 Nd3
31. a3 Kf8 32. h4 Ke7 33. b4 Kd6 34. Ke2 Nf4+ 35. Kf2 Ne6 36. Ke3 h6 37. g3 b5 38. f4 Ng7 39. g4 f5 40. gxf5 gxf5
41. Kf3 fxe4+ 42. Kxe4 Ke6 43. Kd4 Nf5+
0-1

[Event "2024 Standard Chess Dropout Tournament, Round 1"]
[Site "SchemingMind.com"]
[Date "2024.01.06"]
[Round "1"]
[White "eliecercruzr"]
[Black "James Harvey"]
[Result "1-0"]
[WhiteCountry "CUB"]
[BlackCountry "ENG"]
[WhiteElo "2292"]
[WhiteRD "59"]
[BlackElo "1716"]
[BlackRD "120"]
[GameID "741056"]

1. e4 c5 2. Nf3 d6 3. d4 cxd4 4. Nxd4 Nf6 5. Nc3 g6 6. f3 Bg7 7. Be3 O-O 8. Qd2 Nc6 9. O-O-O Nxd4 10. Bxd4 Be6
11. Kb1 Qc7 12. h4 Rfc8 13. g4 Qa5 14. a3 h5 15. g5 Ne8 16. f4 Bg4 17. Be2 Bxe2 18. Nxe2 Qxd2 19. Rxd2 Bxd4 20. Nxd4 Nc7
21. f5 Kg7 22. Rf1 a6 23. c3 Ne8 24. fxg6 Kxg6 25. Nf5 Rc7 26. Ne3 e6 27. Ng2 e5 28. Ne3 Rd8 29. a4 Ng7 30. Nd5 Rc4
31. Rf6+ Kh7 32. Ne7
1-0

[Event "2024 Standard Chess Dropout Tournament, Round 1"]
[Site "SchemingMind.com"]
[Date "2024.01.08"]
[Round "1"]
[White "Erik Johnson"]
[Black "pmdpsp"]
[Result "1-0"]
[WhiteCountry "USA"]
[BlackCountry "GER"]
[WhiteElo "1736"]
[WhiteRD "72"]
[BlackElo "1667"]
[BlackRD "72"]
[GameID "741057"]

1. e4 e5 2. Nf3 Nc6 3. Bb5 d6 4. Nc3 Bd7 5. d4 Nxd4 6. Bxd7+ Qxd7 7. Nxd4 exd4 8. Qxd4 Nf6 9. O-O Be7 10. Bg5 O-O
11. e5 dxe5 12. Qxd7 Nxd7 13. Bxe7 Rfe8 14. Ba3 b6 15. Rad1 Nf6 16. Nd5 Nxd5 17. Rxd5 c5 18. Re1 f6 19. Red1 Kf7 20. Rd7+ Re7
21. Rxe7+ Kxe7 22. c4 a5 23. b3 Rb8 24. Bb2 Rb7 25. Rd5 Rb8 26. f3 Ke6 27. g4 Rc8 28. Kf2 b5 29. Ke3 b4 30. g5 Rc7
31. gxf6 gxf6 32. f4 exf4+ 33. Kxf4 Rc6 34. h3 Rc7 35. Bc1 Rc6 36. Be3 Rc7 37. Bxc5
1-0